00836nam a2200265 i 4500001000300000100002200003245004000025260004200065300005900107504001100166650001200177655001800189020001800207040000800225041000800233044000800241080002300249920002200272942000700294008004100301999001700342856009800359952006400457952004900521bg1 aPikoń, Andrzej.10aAutoCAD 2007 PL /cAndrzej Pikoń. aGliwice :bWydawnictwo Helion,c2007. a1205 s. :brys. ;c25 cm +e3 dyski optyczne (CD-ROM). aIndeks 9aAutoCAD aPodręczniki a9788324609307 cBPK0 apol aPOL a004.42:004.92](07) a978-83-246-0930-7 cKS s pl f |000 0 pol  c54496d54496 uhttp://koha.tu.koszalin.pl/cgi-bin/koha/opac-detail.pl?biblionumber=54496yKatalog online BPK 00104071aBPKbBPKcco85961p02405070t004.92/.94 GkyKS 00104070aBPKbBPKcwo85962p02405063yKS